Comprehensive pollution survey & studies of ganga river basin in West Bengal (Record no. 424681)

000 -LEADER
fixed length control field 00454cam a22001097a 4500
008 - FIXED-LENGTH DATA ELEMENTS--GENERAL INFORMATION
fixed length control field 180718b1982 xxu||||| |||| 00| 0 eng d
082 ## - DEWEY DECIMAL CLASSIFICATION NUMBER
Classification number V44x5412 C333
245 ## - TITLE STATEMENT
Title Comprehensive pollution survey & studies of ganga river basin in West Bengal
Statement of responsibility, etc. by Centre for Study of Man & Environment, West Bengal
260 ## - PUBLICATION, DISTRIBUTION, ETC.
Place of publication, distribution, etc. Calcutta
Name of publisher, distributor, etc. Prevention & Control of Water Pollution Board
Date of publication, distribution, etc. 1982
300 ## - PHYSICAL DESCRIPTION
Extent 52+p.
700 ## - ADDED ENTRY--PERSONAL NAME
Personal name West Bengal. Centre for Study of Man & Environment
Holdings
Withdrawn status Lost status Damaged status Not for loan Permanent Location Current Location Date acquired Full call number Barcode Date last seen Price effective from Koha item type
        Indian Institute of Public Administration Indian Institute of Public Administration 2009-09-24 V44x5412 C333 59977 2018-07-21 2018-07-21 Book

Powered by Koha